000 00732nab a2200229u 4500
001 14353
003 HDC
007 c| |||a|c|aaaa
008 210214b99999999my ||||o |||| 00| 0 eng d
040 _aHDC
245 0 _aIncidence of measles rises in Pahang
336 _atext
_2rdacontent
337 _acomputer
_2rdamedia
338 _aonline resource
_2rdacarrier
650 _aimmunisation coverage
_914927
650 _aincidence of measles
_914926
710 _aThe Borneo Post Online
856 _zRequest full-text at [email protected]
942 _2lcc
942 _cNEWS
942 _kNWS0 003469
999 _c11669
_d11669